[Event "Portugal Open Semirrapidas"]
[Site "Lisboa POR"]
[Date "2020.02.02"]
[Round "3.36"]
[White "GUERREIRO, Nuno"]
[Black "ALVES, Luís"]
[Result "1-0"]
[BlackElo "1696"]
[WhiteElo "2054"]
[LiveChessVersion "1.4.8"]

1. Nf3 {[%clk 0:15:09]} Nf6 {[%clk 0:15:08]} 2. g3 {[%clk 0:15:12]} g6
{[%clk 0:15:13]} 3. Bg2 {[%clk 0:15:17]} Bg7 {[%clk 0:15:16]} 4. O-O
{[%clk 0:15:20]} O-O {[%clk 0:15:17]} 5. c4 {[%clk 0:15:23]} c6 {[%clk 0:15:21]}
6. Nc3 {[%clk 0:15:26]} d5 {[%clk 0:15:24]} 7. d4 {[%clk 0:15:23]} Na6
{[%clk 0:15:24]} 8. Ne5 {[%clk 0:15:17]} Nc7 {[%clk 0:15:25]} 9. b3
{[%clk 0:14:27]} a6 {[%clk 0:15:07]} 10. c5 {[%clk 0:13:59]} Ne6 {[%clk 0:14:58]}
11. e3 {[%clk 0:13:48]} Ng5 {[%clk 0:14:51]} 12. f3 {[%clk 0:13:41]} Bh3
{[%clk 0:14:47]} 13. Bxh3 {[%clk 0:13:31]} Nxh3+ {[%clk 0:14:51]} 14. Kg2
{[%clk 0:13:35]} Ng5 {[%clk 0:14:55]} 15. h4 {[%clk 0:13:39]} Ne6
{[%clk 0:14:58]} 16. Na4 {[%clk 0:13:29]} Rb8 {[%clk 0:14:49]} 17. Nb6
{[%clk 0:13:20]} Re8 {[%clk 0:14:53]} 18. Bd2 {[%clk 0:13:08]} a5
{[%clk 0:14:19]} 19. Bxa5 {[%clk 0:13:03]} Ra8 {[%clk 0:14:23]} 20. Qe1
{[%clk 0:11:33]} Ra6 {[%clk 0:14:06]} 21. b4 {[%clk 0:11:08]} Rxa5
{[%clk 0:14:02]} 22. bxa5 {[%clk 0:11:11]} Nf8 {[%clk 0:14:06]} 23. Rb1
{[%clk 0:10:07]} Qc7 {[%clk 0:14:04]} 24. g4 {[%clk 0:09:44]} N6d7
{[%clk 0:13:52]} 25. Nexd7 {[%clk 0:09:44]} Nxd7 {[%clk 0:13:56]} 26. Nxd7
{[%clk 0:09:47]} Qxd7 {[%clk 0:13:59]} 27. Qb4 {[%clk 0:09:36]} Qe6
{[%clk 0:13:52]} 28. Rb3 {[%clk 0:09:33]} Ra8 {[%clk 0:13:37]} 29. Rf2
{[%clk 0:08:34]} h5 {[%clk 0:13:23]} 30. gxh5 {[%clk 0:08:10]} gxh5
{[%clk 0:13:27]} 31. Qxb7 {[%clk 0:08:09]} Rxa5 {[%clk 0:12:49]} 32. Qb8+
{[%clk 0:07:50]} Kh7 {[%clk 0:12:50]} 33. Qf4 {[%clk 0:07:50]} Ra8
{[%clk 0:12:38]} 34. Rb8 {[%clk 0:07:39]} Bh6 {[%clk 0:12:27]} 35. Qg3
{[%clk 0:07:24]} Rxb8 {[%clk 0:12:18]} 36. Qxb8 Bxe3 37. Re2 {[%clk 0:07:15]}
Qg6+ {[%clk 0:12:26]} 38. Qg3 {[%clk 0:07:18]} Qd3 {[%clk 0:12:07]} 39. Qe1
{[%clk 0:06:27]} Qg6+ {[%clk 0:12:04]} 40. Kh1 {[%clk 0:06:21]} Bxd4
{[%clk 0:12:02]} 41. Rg2 {[%clk 0:06:01]} Qf6 {[%clk 0:11:40]} 42. Qb1+
{[%clk 0:06:04]} Kh6 {[%clk 0:11:40]} 43. Qc1+ {[%clk 0:06:07]} Kh7
{[%clk 0:11:44]} 44. Qc2+ {[%clk 0:06:11]} Kh6 {[%clk 0:11:47]} 45. Qd2+
{[%clk 0:05:49]} Kh7 {[%clk 0:11:50]} 46. Qg5 {[%clk 0:05:53]} Qxg5
{[%clk 0:11:32]} 47. Rxg5 {[%clk 0:05:57]} Kh6 {[%clk 0:11:05]} 48. Rg2
{[%clk 0:05:55]} Bxc5 {[%clk 0:11:08]} 49. Rc2 {[%clk 0:06:00]} Ba3
{[%clk 0:11:05]} 50. Rxc6+ {[%clk 0:06:03]} e6 {[%clk 0:11:06]} 51. Rc3
{[%clk 0:06:01]} Bb4 {[%clk 0:11:05]} 52. Rc1 {[%clk 0:05:44]} Ba3
{[%clk 0:10:57]} 53. Rc3 {[%clk 0:04:58]} Bb4 {[%clk 0:11:01]} 54. Rb3
{[%clk 0:04:54]} Be1 {[%clk 0:10:59]} 55. a4 {[%clk 0:04:58]} Bxh4
{[%clk 0:10:56]} 56. a5 {[%clk 0:05:02]} Bf2 {[%clk 0:10:58]} 57. a6
{[%clk 0:05:06]} e5 {[%clk 0:10:54]} 58. Rb7 {[%clk 0:05:09]} f5 {[%clk 0:10:44]}
59. Rd7 {[%clk 0:04:55]} Kg5 {[%clk 0:10:40]} 60. Rxd5 {[%clk 0:04:58]} Kf4
{[%clk 0:10:42]} 61. Kg2 {[%clk 0:05:00]} Bb6 {[%clk 0:10:42]} 62. Rb5
{[%clk 0:05:02]} Be3 {[%clk 0:10:45]} 63. Rb4+ {[%clk 0:04:54]} Kg5
{[%clk 0:10:48]} 64. Rb7 {[%clk 0:04:45]} h4 {[%clk 0:10:37]} 65. a7
{[%clk 0:04:48]} Bxa7 {[%clk 0:10:39]} 66. Rxa7 {[%clk 0:04:52]} Kf4
{[%clk 0:10:42]} 67. Rh7 {[%clk 0:04:35]} Kg5 {[%clk 0:10:29]} 68. Kh3
{[%clk 0:04:26]} e4 {[%clk 0:10:31]} 69. Rxh4 {[%clk 0:04:23]} e3
{[%clk 0:10:30]} 70. Rh8 {[%clk 0:04:26]} Kf4 {[%clk 0:10:34]} 71. Kg2
{[%clk 0:04:30]} Ke5 {[%clk 0:10:24]} 72. Kf1 {[%clk 0:04:34]} Kd4
{[%clk 0:10:28]} 73. Ke2 {[%clk 0:04:38]} Kd5 {[%clk 0:09:37]} 1-0

[Event "Portugal Open Semirrapidas"]
[Site "Lisboa POR"]
[Date "2020.02.02"]
[Round "3.37"]
[White "BARROS, Luis Carlos"]
[Black "BOTELHO, Luis"]
[Result "1-0"]
[BlackElo "2050"]
[WhiteElo "1722"]
[LiveChessVersion "1.4.8"]

1. e4 {[%clk 0:15:09]} c5 {[%clk 0:15:09]} 2. Nf3 {[%clk 0:15:11]} g6
{[%clk 0:15:13]} 3. c3 {[%clk 0:15:14]} Bg7 {[%clk 0:15:17]} 4. Bc4
{[%clk 0:15:13]} e6 {[%clk 0:15:19]} 5. d4 {[%clk 0:15:14]} cxd4 {[%clk 0:15:26]}
6. cxd4 {[%clk 0:15:17]} d5 {[%clk 0:15:29]} 7. exd5 exd5 8. Bb3 {[%clk 0:14:50]}
Ne7 {[%clk 0:15:29]} 9. O-O {[%clk 0:14:53]} O-O {[%clk 0:15:32]} 10. Bg5
{[%clk 0:14:54]} Nbc6 {[%clk 0:15:36]} 11. Re1 {[%clk 0:14:55]} Re8
{[%clk 0:15:18]} 12. Nc3 {[%clk 0:14:58]} Bg4 {[%clk 0:15:21]} 13. Nxd5
{[%clk 0:14:38]} Qd7 {[%clk 0:14:52]} 14. Nxe7+ Nxe7 {[%clk 0:13:30]} 15. h3
{[%clk 0:13:20]} Bxf3 {[%clk 0:13:30]} 16. Qxf3 {[%clk 0:13:23]} Nc6
{[%clk 0:13:34]} 17. Ba4 {[%clk 0:12:50]} Nxd4 {[%clk 0:10:53]} 18. Bxd7
{[%clk 0:12:15]} Nxf3+ {[%clk 0:10:55]} 19. gxf3 {[%clk 0:12:13]} Rxe1+
{[%clk 0:10:57]} 20. Rxe1 {[%clk 0:12:16]} h6 {[%clk 0:10:59]} 21. Bc1
{[%clk 0:12:10]} Rd8 {[%clk 0:10:59]} 22. Re8+ Rxe8 {[%clk 0:10:59]} 23. Bxe8
{[%clk 0:12:15]} Kf8 {[%clk 0:11:00]} 24. Bb5 {[%clk 0:12:13]} Ke7
{[%clk 0:11:03]} 25. Kf1 {[%clk 0:12:14]} Kd6 {[%clk 0:11:07]} 26. Ke2
{[%clk 0:12:16]} Kc5 {[%clk 0:11:10]} 27. Bd3 {[%clk 0:12:19]} b5
{[%clk 0:10:56]} 28. b3 {[%clk 0:12:13]} a5 {[%clk 0:10:55]} 29. a3 h5 30. Be3+
{[%clk 0:12:15]} Kc6 {[%clk 0:10:30]} 31. Be4+ {[%clk 0:12:17]} Kd6
{[%clk 0:10:24]} 32. Kd3 {[%clk 0:12:14]} f5 {[%clk 0:10:25]} 33. Bb7 Bb2 34. a4
{[%clk 0:12:12]} Kc7 {[%clk 0:10:12]} 35. Bd5 {[%clk 0:12:16]} bxa4
{[%clk 0:09:40]} 36. bxa4 {[%clk 0:12:18]} Be5 {[%clk 0:09:13]} 37. Bf7
{[%clk 0:12:17]} f4 {[%clk 0:09:13]} 38. Bc5 {[%clk 0:12:10]} g5 {[%clk 0:08:22]}
39. Bxh5 {[%clk 0:12:13]} Bf6 {[%clk 0:08:27]} 40. Bd4 {[%clk 0:12:10]} Be7
{[%clk 0:08:30]} 41. Bc3 {[%clk 0:12:12]} Kb6 {[%clk 0:08:35]} 42. Ke4
{[%clk 0:12:11]} Bd8 {[%clk 0:08:36]} 43. Kf5 {[%clk 0:12:11]} Kc5
{[%clk 0:08:40]} 44. Bf6 {[%clk 0:12:10]} Bc7 {[%clk 0:08:43]} 45. h4
{[%clk 0:12:11]} Kb4 {[%clk 0:08:46]} 46. Bxg5 {[%clk 0:12:13]} Bb6
{[%clk 0:08:50]} 47. Be8 {[%clk 0:12:13]} Bxf2 {[%clk 0:08:53]} 48. Kxf4
{[%clk 0:12:06]} Kc5 {[%clk 0:08:52]} 49. Bf6 {[%clk 0:12:09]} Kd6
{[%clk 0:08:57]} 50. h5 {[%clk 0:12:13]} Ke6 {[%clk 0:09:01]} 51. Bc3
{[%clk 0:12:13]} Bb6 {[%clk 0:09:04]} 52. h6 Ke7 53. Bb5 {[%clk 0:12:10]} Bc7+
{[%clk 0:08:54]} 54. Be5 Bxe5+ {[%clk 0:08:14]} 55. Kxe5 {[%clk 0:12:11]} Kf7
{[%clk 0:08:19]} 56. Bd3 {[%clk 0:12:08]} Kg8 {[%clk 0:08:23]} 57. f4
{[%clk 0:12:07]} Kf7 {[%clk 0:08:26]} 58. f5 {[%clk 0:12:10]} Kg8
{[%clk 0:08:29]} 59. Ke6 {[%clk 0:12:13]} Kh7 {[%clk 0:08:32]} 60. f6+
{[%clk 0:12:15]} Kh8 {[%clk 0:08:33]} 61. Bb5 {[%clk 0:12:04]} Kh7
{[%clk 0:08:34]} 62. Ke5 Kg6 {[%clk 0:15:05]} 1-0

[Event "Portugal Open Semirrapidas"]
[Site "Lisboa POR"]
[Date "2020.02.02"]
[Round "3.38"]
[White "LEÃO, Tiago"]
[Black "SANTOS, Rúben"]
[Result "1-0"]
[BlackElo "1677"]
[WhiteElo "2050"]
[LiveChessVersion "1.4.8"]

1. d4 {[%clk 0:15:06]} Nf6 2. Bf4 {[%clk 0:15:01]} e6 {[%clk 0:15:09]} 3. c3
{[%clk 0:15:00]} b6 {[%clk 0:15:10]} 4. e3 {[%clk 0:14:58]} Bb7 {[%clk 0:15:13]}
5. Nf3 {[%clk 0:15:02]} c5 {[%clk 0:15:17]} 6. Bd3 {[%clk 0:14:59]} d5
{[%clk 0:15:20]} 7. O-O {[%clk 0:15:00]} Bd6 {[%clk 0:15:23]} 8. Bg3
{[%clk 0:15:04]} O-O {[%clk 0:15:25]} 9. Nbd2 {[%clk 0:15:08]} Nc6
{[%clk 0:15:28]} 10. Re1 {[%clk 0:15:11]} cxd4 {[%clk 0:15:04]} 11. exd4
{[%clk 0:15:08]} a6 {[%clk 0:14:48]} 12. Ne5 {[%clk 0:14:07]} b5 {[%clk 0:14:32]}
13. Ndf3 {[%clk 0:13:49]} b4 {[%clk 0:14:16]} 14. Nxc6 {[%clk 0:12:24]} Bxc6
{[%clk 0:14:20]} 15. Ne5 {[%clk 0:12:29]} Bb5 {[%clk 0:14:00]} 16. Bxb5
{[%clk 0:11:28]} axb5 {[%clk 0:14:03]} 17. Nc6 {[%clk 0:11:28]} Qd7
{[%clk 0:13:09]} 18. Bxd6 {[%clk 0:11:30]} Qxd6 {[%clk 0:13:13]} 19. Nxb4
{[%clk 0:11:32]} Ne4 {[%clk 0:13:00]} 20. f3 {[%clk 0:11:05]} Nf6
{[%clk 0:13:03]} 21. a4 {[%clk 0:09:15]} bxa4 {[%clk 0:12:53]} 22. Rxa4
{[%clk 0:09:18]} Nd7 {[%clk 0:12:56]} 23. Qa1 {[%clk 0:06:29]} Nb6
{[%clk 0:12:59]} 24. Ra5 {[%clk 0:05:41]} Rxa5 {[%clk 0:12:46]} 25. Qxa5
{[%clk 0:05:45]} Nc4 {[%clk 0:12:50]} 26. Qc5 {[%clk 0:05:19]} Qf4
{[%clk 0:10:35]} 27. Nc6 {[%clk 0:03:46]} Qd2 {[%clk 0:07:38]} 28. Ra1
{[%clk 0:02:25]} Ne3 {[%clk 0:07:24]} 29. Qxf8+ g6 1-0

[Event "Portugal Open Semirrapidas"]
[Site "Lisboa POR"]
[Date "2020.02.02"]
[Round "3.39"]
[White "GORGOJO FREIJO, Diego"]
[Black "FERNANDES, João Pedro"]
[Result "0-1"]
[BlackElo "2021"]
[WhiteElo "1705"]
[LiveChessVersion "1.4.8"]

1. e4 {[%clk 0:15:05]} c5 {[%clk 0:15:06]} 2. Nc3 {[%clk 0:15:04]} e6
{[%clk 0:15:08]} 3. g3 {[%clk 0:14:50]} Nc6 {[%clk 0:15:08]} 4. Bg2
{[%clk 0:14:49]} Nf6 {[%clk 0:15:10]} 5. f4 {[%clk 0:14:01]} d5 {[%clk 0:15:07]}
6. e5 {[%clk 0:13:38]} Nd7 {[%clk 0:14:59]} 7. Nf3 {[%clk 0:13:09]} Be7
{[%clk 0:14:58]} 8. O-O {[%clk 0:11:10]} O-O {[%clk 0:14:51]} 9. Kh1
{[%clk 0:11:07]} Rb8 {[%clk 0:14:07]} 10. a4 {[%clk 0:11:08]} a6 {[%clk 0:13:54]}
11. d3 {[%clk 0:10:21]} b5 {[%clk 0:13:44]} 12. axb5 {[%clk 0:10:14]} axb5
{[%clk 0:13:47]} 13. Ne2 {[%clk 0:08:37]} b4 {[%clk 0:12:41]} 14. d4
{[%clk 0:08:23]} cxd4 {[%clk 0:11:34]} 15. Nexd4 {[%clk 0:08:12]} Nxd4
{[%clk 0:10:57]} 16. Nxd4 {[%clk 0:08:08]} Qc7 {[%clk 0:10:51]} 17. Qe2
{[%clk 0:07:04]} Re8 {[%clk 0:09:46]} 18. Be3 {[%clk 0:05:30]} Nb6
{[%clk 0:08:02]} 19. Nb5 {[%clk 0:05:02]} Qc4 {[%clk 0:07:51]} 20. Bf3
{[%clk 0:04:08]} Bd7 {[%clk 0:06:37]} 21. Nd4 {[%clk 0:02:52]} Bc5
{[%clk 0:06:03]} 22. Qf2 {[%clk 0:02:41]} Bxd4 {[%clk 0:04:38]} 23. Bxd4
{[%clk 0:02:44]} Nc8 {[%clk 0:04:16]} 24. Ra5 {[%clk 0:01:55]} Ne7
{[%clk 0:03:32]} 25. b3 {[%clk 0:01:10]} Qc7 {[%clk 0:03:05]} 26. Rc5
{[%clk 0:00:59]} Qb7 {[%clk 0:02:59]} 27. Ra1 {[%clk 0:00:54]} Ra8
{[%clk 0:02:53]} 28. Rca5 {[%clk 0:00:57]} Rxa5 {[%clk 0:02:38]} 29. Rxa5
{[%clk 0:01:01]} Ra8 {[%clk 0:02:41]} 30. Rxa8+ {[%clk 0:00:48]} Qxa8
{[%clk 0:02:44]} 31. Bc5 {[%clk 0:00:44]} Nf5 {[%clk 0:02:27]} 32. Bxb4
{[%clk 0:00:32]} g5 {[%clk 0:01:42]} 33. fxg5 {[%clk 0:00:20]} Qa1+
{[%clk 0:01:39]} 34. Qe1 {[%clk 0:00:11]} Qb2 {[%clk 0:01:28]} 35. Qc3
{[%clk 0:00:08]} Qc1+ {[%clk 0:01:18]} 36. Kg2 {[%clk 0:00:12]} Bb5
{[%clk 0:00:31]} 37. Qe1 {[%clk 0:00:08]} Qxc2+ {[%clk 0:00:31]} 38. Kh3
{[%clk 0:00:10]} Nd4 {[%clk 0:00:26]} 39. Bd1 {[%clk 0:00:13]} Qf5+
{[%clk 0:00:22]} 40. Bg4 {[%clk 0:00:15]} Bf1+ {[%clk 0:00:23]} 41. Kh4
{[%clk 0:00:13]} Nf3+ {[%clk 0:00:25]} 42. Bxf3 {[%clk 0:00:16]} Qh3# 0-1

[Event "Portugal Open Semirrapidas"]
[Site "Lisboa POR"]
[Date "2020.02.02"]
[Round "3.40"]
[White "TIERES, Cristiano"]
[Black "AVELINO, Camila Biscaya"]
[Result "1-0"]
[BlackElo "1671"]
[WhiteElo "2021"]
[LiveChessVersion "1.4.8"]

1. d4 {[%clk 0:15:09]} Nf6 {[%clk 0:15:09]} 2. c4 {[%clk 0:15:13]} g6
{[%clk 0:15:13]} 3. Nc3 {[%clk 0:15:17]} Bg7 {[%clk 0:15:17]} 4. e4
{[%clk 0:15:22]} d6 {[%clk 0:15:21]} 5. Nf3 {[%clk 0:15:26]} Nbd7
{[%clk 0:15:21]} 6. h3 {[%clk 0:15:29]} e5 {[%clk 0:15:17]} 7. d5
{[%clk 0:15:33]} Nc5 {[%clk 0:15:20]} 8. Qc2 {[%clk 0:15:36]} a5 {[%clk 0:15:02]}
9. g4 {[%clk 0:15:37]} c6 {[%clk 0:14:25]} 10. Bg5 {[%clk 0:15:39]} Qc7
{[%clk 0:13:02]} 11. Be2 {[%clk 0:15:32]} O-O {[%clk 0:12:59]} 12. Nd2
{[%clk 0:15:30]} cxd5 {[%clk 0:11:26]} 13. cxd5 {[%clk 0:14:45]} Bd7
{[%clk 0:10:08]} 14. a4 {[%clk 0:14:47]} Rac8 {[%clk 0:09:32]} 15. Bb5
{[%clk 0:14:15]} Bxb5 {[%clk 0:08:51]} 16. Nxb5 {[%clk 0:14:16]} Qd7
{[%clk 0:08:49]} 17. Qb1 {[%clk 0:14:00]} Na6 18. Ra3 {[%clk 0:13:51]} h6
{[%clk 0:05:35]} 19. Be3 {[%clk 0:13:54]} Nb4 {[%clk 0:05:38]} 20. Rc3
{[%clk 0:13:50]} Rfd8 {[%clk 0:03:43]} 21. Nc4 {[%clk 0:13:44]} Bf8
{[%clk 0:03:35]} 22. Nb6 {[%clk 0:13:42]} Qe8 {[%clk 0:03:30]} 23. Nxc8
{[%clk 0:13:34]} Rxc8 {[%clk 0:03:34]} 24. f3 {[%clk 0:13:28]} Qd7
{[%clk 0:02:56]} 25. Kf2 {[%clk 0:13:24]} h5 {[%clk 0:02:54]} 26. Kg3
{[%clk 0:13:15]} Be7 {[%clk 0:02:16]} 27. Rhc1 {[%clk 0:13:14]} Rxc3
{[%clk 0:02:05]} 28. Rxc3 {[%clk 0:13:02]} h4+ {[%clk 0:02:05]} 29. Kg2
{[%clk 0:12:54]} Ne8 {[%clk 0:02:02]} 30. Qc1 {[%clk 0:12:47]} Na2
{[%clk 0:01:58]} 31. Qd2 {[%clk 0:12:28]} Nxc3 {[%clk 0:02:01]} 32. Qxc3
{[%clk 0:12:31]} Qd8 {[%clk 0:01:19]} 33. Bd2 {[%clk 0:12:32]} b6
{[%clk 0:00:33]} 34. Be3 {[%clk 0:12:36]} Bg5 {[%clk 0:00:30]} 35. Bf2
{[%clk 0:12:38]} Kg7 {[%clk 0:00:07]} 36. Qc6 {[%clk 0:12:42]} Bf4
{[%clk 0:00:06]} 37. Bxb6 {[%clk 0:12:38]} Qb8 {[%clk 0:00:08]} 38. Bxa5
{[%clk 0:12:31]} Nf6 {[%clk 0:00:06]} 39. Qxd6 {[%clk 0:12:21]} Qa8
{[%clk 0:00:10]} 40. b4 {[%clk 0:12:23]} Qc8 {[%clk 0:00:14]} 41. Qc7
{[%clk 0:12:18]} Qf8 {[%clk 0:00:16]} 42. Nd6 {[%clk 0:12:06]} Ne8
{[%clk 0:00:17]} 43. Nxe8+ {[%clk 0:11:54]} Qxe8 {[%clk 0:00:21]} 44. b5
{[%clk 0:11:51]} Qf8 {[%clk 0:00:22]} 45. d6 {[%clk 0:11:50]} Qe8
{[%clk 0:00:26]} 46. Qc6 {[%clk 0:10:45]} Qe6 {[%clk 0:00:25]} 47. Qd5
{[%clk 0:10:44]} Qc8 {[%clk 0:00:29]} 48. Bc7 {[%clk 0:10:45]} Qd7
{[%clk 0:00:28]} 49. Qc4 {[%clk 0:10:32]} Qc8 {[%clk 0:00:28]} 50. b6
{[%clk 0:10:11]} Be3 {[%clk 0:00:24]} 51. a5 {[%clk 0:10:02]} Bd4
{[%clk 0:00:20]} 52. Qe2 {[%clk 0:09:40]} Qd7 {[%clk 0:00:08]} 53. a6
{[%clk 0:09:35]} Qc6 {[%clk 0:00:12]} 54. a7 {[%clk 0:09:21]} Bc5
{[%clk 0:00:13]} 55. Qa2 {[%clk 0:09:00]} Qa8 {[%clk 0:00:08]} 56. b7
{[%clk 0:08:45]} Qxb7 {[%clk 0:00:11]} 57. a8=Q {[%clk 0:08:45]} Qb4
{[%clk 0:00:08]} 58. Q8d5 {[%clk 0:08:07]} Qe1 {[%clk 0:00:06]} 59. Qxe5+
{[%clk 0:07:55]} Kh6 {[%clk 0:00:08]} 60. Qh8+ {[%clk 0:07:36]} Kg5
{[%clk 0:00:09]} 61. Qd5+ {[%clk 0:07:27]} Kf4 {[%clk 0:00:13]} 62. d7+
{[%clk 0:07:26]} Ke3 {[%clk 0:00:14]} 63. Qxc5+ {[%clk 0:07:25]} Ke2
{[%clk 0:00:18]} 64. Qb2+ {[%clk 0:07:25]} Kd3 {[%clk 0:00:11]} 65. Qcd4# 1-0

[Event "Portugal Open Semirrapidas"]
[Site "Lisboa POR"]
[Date "2020.02.02"]
[Round "3.41"]
[White "GARCIA, António"]
[Black "FERNANDES, Ricardo Paulos"]
[Result "1-0"]
[BlackElo "2011"]
[WhiteElo "1685"]
[LiveChessVersion "1.4.8"]

1. d4 {[%clk 0:15:06]} Nf6 {[%clk 0:15:09]} 2. c4 {[%clk 0:15:05]} g6
{[%clk 0:15:13]} 3. Nc3 {[%clk 0:15:08]} Bg7 {[%clk 0:15:16]} 4. e4
{[%clk 0:15:09]} O-O {[%clk 0:15:19]} 5. f4 {[%clk 0:15:03]} d6 {[%clk 0:15:23]}
6. Nf3 {[%clk 0:15:06]} Nbd7 {[%clk 0:15:15]} 7. Bd3 {[%clk 0:14:15]} e5
{[%clk 0:15:15]} 8. fxe5 {[%clk 0:14:16]} dxe5 {[%clk 0:15:18]} 9. d5
{[%clk 0:14:16]} Nc5 {[%clk 0:15:05]} 10. Bc2 {[%clk 0:14:18]} a5
{[%clk 0:15:09]} 11. Be3 {[%clk 0:13:47]} b6 {[%clk 0:15:06]} 12. O-O
{[%clk 0:13:23]} Ne8 {[%clk 0:15:10]} 13. Qd2 {[%clk 0:12:49]} Nd6
{[%clk 0:15:13]} 14. b3 {[%clk 0:12:48]} f5 {[%clk 0:13:59]} 15. exf5
{[%clk 0:12:16]} Bxf5 {[%clk 0:12:16]} 16. Bxf5 {[%clk 0:10:58]} Nxf5
{[%clk 0:11:41]} 17. Bxc5 {[%clk 0:09:54]} bxc5 {[%clk 0:11:45]} 18. Rae1
{[%clk 0:09:32]} Nd6 {[%clk 0:10:36]} 19. Ne4 {[%clk 0:07:32]} Rf4
{[%clk 0:10:36]} 20. Nxc5 {[%clk 0:07:05]} Qb8 {[%clk 0:08:29]} 21. Ne6
{[%clk 0:06:36]} Qa7+ {[%clk 0:06:15]} 22. Kh1 {[%clk 0:06:36]} Rf5
{[%clk 0:02:18]} 23. Nxg7 {[%clk 0:05:59]} Kxg7 {[%clk 0:02:22]} 24. Rxe5
{[%clk 0:05:32]} Raf8 {[%clk 0:00:18]} 25. Re7+ {[%clk 0:04:10]} 1-0